000 00272nam a2200097Ia 4500
001 695462
005 20250826161953.0
008 250824s9999 xx 000 0 und d
245 0 _aSEVGİ NEREDEYSE TANRI ORDADIR (ANTİK YENİ)
_cTOLSTOY
260 _bANTİK DÜNYA KLASİKLERİ
999 _c695462
_d695462